00331nam a2200133Ia 450000500170000000800460001703700100006304000200007304100130009308400220010624500490012849000090017765000110018620250507125803.0008 250505s9999 xx 000 0 kor d aAudio aEASLbengcEASL akor2eng aCD00114-123qEASL 0aHanguke muhyungmunhwajea = Korea Documentary vV. 9 aKorean